Bajo el dios Augusto : (Record no. 190590)

MARC details
000 -LEADER
campo de control de longitud fija 01863nam a2200337 i 4500
001 - NÚMERO DE CONTROL
campo de control 190590
003 - IDENTIFICADOR DE NÚMERO DE CONTROL
campo de control ES-MaACL
005 - FECHA Y HORA DE LA ÚLTIMA TRANSACCIÓN
campo de control 20250720061258.0
008 - DATOS DE LONGITUD FIJA--INFORMACIÓN GENERAL
campo de control de longitud fija 220107s2017 sp 001 0 spa
020 ## - NÚMERO INTERNACIONAL ESTÁNDAR DEL LIBRO
Número Internacional Estándar del Libro 978-84-7209-716-2
080 ## - NÚMERO DE LA CLASIFICACIÓN DECIMAL UNIVERSAL
Número de la Clasificación Decimal Universal 930(460)
245 00 - MENCIÓN DEL TÍTULO
Título Bajo el dios Augusto :
Resto del título el oficio de historiador ante los guardianes parciales de la historia /
Mención de responsabilidad, etc. Guillermo Gortázar (ed.) ; Antonio Manuel Moral Roncal, José Manuel Cuenca Toribio, Alfonso Bullón de Mendoza, Pedro Carlos González Cuevas.
260 ## - PUBLICACIÓN, DISTRIBUCIÓN, ETC.
Lugar de publicación, distribución, etc. Madrid :
Nombre del editor, distribuidor, etc. Unión Editorial,
Fecha de publicación, distribución, etc. 2017.
300 ## - DESCRIPCIÓN FÍSICA
Extensión 244 p. ;
Dimensiones 23 cm.
490 1# - MENCIÓN DE SERIE
Mención de serie La antorcha
500 ## - NOTA GENERAL
Nota general Índice.
504 ## - NOTA DE BIBLIOGRAFÍA, ETC.
Nota de bibliografía, etc. Referencias bibliográficas.
505 8# - NOTA DE CONTENIDO CON FORMATO
Nota de contenido con formato Contiene: Reyes y batallas: el retorno de la historia narrativa y política / Guillermo Gortázar . El contemporaneismo español en la segunda mitad del siglo XX: entre la ciencia y la política / Antonio Manuel Moral Roncal . La dorada pátina de la historiografía marxista / José Manuel Cuenca Toribio . De la parcialidad de los historiadores españoles / Alfonso Bullón de Mendoza . Los guardianes de la historia, presencia, persistencia y retorno / Pedro Carlos González Cuevas
650 #4 - PUNTO DE ACCESO ADICIONAL DE MATERIA--TÉRMINO DE MATERIA
Término de materia o nombre geográfico como elemento de entrada Historiografía-
Subdivisión geográfica España.
9 (RLIN) 13440
700 1# - ENTRADA AGREGADA--NOMBRE PERSONAL
Nombre de persona Gortázar, Guillermo,
Fechas asociadas al nombre 1951-
9 (RLIN) 176485
700 1# - ENTRADA AGREGADA--NOMBRE PERSONAL
Nombre de persona Moral Roncal, Antonio Manuel.
9 (RLIN) 82948
700 1# - ENTRADA AGREGADA--NOMBRE PERSONAL
Nombre de persona Cuenca Toribio, José Manuel,
Fechas asociadas al nombre 1939-
9 (RLIN) 42007
700 1# - ENTRADA AGREGADA--NOMBRE PERSONAL
Nombre de persona Bullón de Mendoza, Alfonso.
9 (RLIN) 32517
700 1# - ENTRADA AGREGADA--NOMBRE PERSONAL
Nombre de persona González Cuevas, Pedro Carlos.
9 (RLIN) 58524
830 1# - PUNTO DE ACCESO ADICIONAL DE SERIE-TÍTULO UNIFORME
Título uniforme La antorcha
9 (RLIN) 176487
852 4# - LOCALIZACIÓN
Ubicación ES-MaACL
Número de control de estantería A-14851
Nota libre Dedicatoria autógrafa del autor
itemnumber 197768
Sublocalización o colección R.152452
Ubicación en estantería Depósito 1
Signatura antigua Olim: N-7851
Donativo/Legado Donación: Guillermo Gortázar
903 ## - NOMBRE PERSONAL DE DONANTE
a Gortázar, Guillermo,
d 1951-
e Donante
9 176485
942 ## - ELEMENTOS DE ENTRADA SECUNDARIOS (KOHA)
Fuente del sistema de clasificación o colocación Clasificación decimal universal
Tipo de ítem Koha Libro impreso
Holdings
Estatus retirado Estado de pérdida Fuente del sistema de clasificación o colocación Estado de daño No para préstamo Colección Biblioteca de origen Biblioteca actual Ubicación en estantería Fecha de adquisición Fuente de adquisición Total de préstamos Signatura topográfica completa Código de barras Visto por última vez Precio de reemplazo Tipo de ítem Koha Nota pública
    Clasificación decimal universal     Libros con dedicatorias Biblioteca del Ateneo de Madrid Biblioteca del Ateneo de Madrid Depósito 1 07/01/2022 Donación   A-14851 1202805 23/02/2023 23/02/2023 Libro impreso Dedicatoria autógrafa del autor